000 01074nac a22003497a 4500
001 BR0703682
003 BR-BrBNA
005 20240105123433.0
008 230509b bl.|||m| |||| 00| 0 por d
040 _aBR-BrBNA
_bpor
_cBiblioteca Nacional de Agricultura
072 _aU40
090 _aU40 BR0703682
100 1 _aCorrêa, J. de A.
100 1 _aSerrano, R.O.P.
100 1 _aWadt, L.H. de O.
100 1 _aGomes-Silva, D.A.P.
110 1 _aEMBRAPA Acre, Rio Branco, AC (Brasil)
_93527
245 1 _aMapeamento de espécies florestais e cálculo de área com uso de bússola e passos calibrados (um guia passo-a-passo)
260 3 _aRio Branco, AC (Brasil):
_c2005.
300 _a26 p.
490 _aDocumentos - EMBRAPA Acre (Brazil)
_vno. 93
_xISSN 0104-9046
500 _a6 ref.; 14 illus.
650 _aMAPA
650 _aLEVANTAMENTO
650 _aMÉTODO
650 _aCOPAÍBA
650 _aANDIROBA
650 _aESSÊNCIA FLORESTAL
650 _aAMAZÔNIA
909 _a202312
_bLúcia Elande
_c55
_dLúcia Elande
942 _2AGRIS
_n0
_cMS
999 _c295439
_d295439